[Event "BL2-West 0001"]
[Site "Germany"]
[Date "2001.02.18"]
[Round "6.3"]
[White "Coenen, Norbert"]
[Black "Grund, Holger"]
[Result "1-0"]
[WhiteElo "2403"]
[BlackElo "2475"]
[PlyCount "75"]
[EventDate "2000.10.15"]
[EventType "team-tourn"]
[EventRounds "9"]
[EventCountry "GER"]
[SourceTitle "CBM 082 Extra"]
[Source "ChessBase"]
[SourceDate "2001.07.03"]
[SourceVersion "1"]
[SourceVersionDate "2001.07.03"]
[SourceQuality "1"]
[WhiteTeam "Aachen"]
[BlackTeam "Andernach"]
[WhiteTeamCountry "GER"]
[BlackTeamCountry "GER"]

1. e4 c6 2. d4 d5 3. Nc3 dxe4 4. Nxe4 Bf5 5. Ng3 Bg6 6. h4 h6 7. Nf3 e6 8. Ne5 Bh7 9. Qh5 Qc7 10. Bc4 Nf6 11. Qe2 Bd6 12. Bd2 0-0 13. 0-0-0 b5 14. Bd3 Bxd3 15. Nxd3 Nbd7 16. Ne4 Nxe4 17. Qxe4 Rac8 18. Kb1 Nf6 19. Qf3 Nd5 20. Rc1 Qb6 21. c3 b4 22. c4 Qxd4 23. cxd5 cxd5 24. Qe3 Qg4 25. f3 Rxc1+ 26. Bxc1 Qxg2 27. Rg1 Qh2 28. Qd4 e5 29. Qg4 g6 30. Bxh6 e4 31. fxe4 dxe4 32. Bxf8 Bxf8 33. Nc1 Bg7 34. Rg2 Qe5 35. Qg5 f5 36. Qxg6 e3 37. Nd3 e2 38. Qxg7+ 1-0

[Event "BL2-West 0001"]
[Site "Germany"]
[Date "2001.01.28"]
[Round "5.3"]
[White "Grund, Holger"]
[Black "Skripchenko, Almira"]
[Result "0-1"]
[WhiteElo "2475"]
[BlackElo "2450"]
[PlyCount "107"]
[EventDate "2000.10.15"]
[EventType "team-tourn"]
[EventRounds "9"]
[EventCountry "GER"]
[SourceTitle "CBM 082 Extra"]
[Source "ChessBase"]
[SourceDate "2001.07.03"]
[SourceVersion "1"]
[SourceVersionDate "2001.07.03"]
[SourceQuality "1"]
[WhiteTeam "Andernach"]
[BlackTeam "Heiligenhaus"]
[WhiteTeamCountry "GER"]
[BlackTeamCountry "GER"]

1. e4 c5 2. Nf3 Nc6 3. Bb5 g6 4. Bxc6 bxc6 5. 0-0 Bg7 6. d3 d6 7. Nbd2 e5 8. b4 cxb4 9. a3 bxa3 10. Bxa3 Ne7 11. d4 exd4 12. Nc4 c5 13. e5 dxe5 14. Bxc5 Qc7 15. Nd6+ Kf8 16. Ba3 Be6 17. Ng5 Kg8 18. Nxe6 fxe6 19. Rb1 Qc6 20. Rb7 Nf5 21. Qf3 Qxf3 22. gxf3 Bf8 23. Nxf5 gxf5 24. Bxf8 Kxf8 25. Re1 Rg8+ 26. Kf1 Rg7 27. Rb5 Re7 28. Rbxe5 Kf7 29. Ra1 Rc8 30. Ra2 Kf6 31. f4 Rc6 32. Ke2 Rec7 33. Kd2 h5 34. Rea5 h4 35. Re5 h3 36. Re2 a6 37. Re5 Rg7 38. Ra3 Rg2 39. Rxh3 Rxf2+ 40. Kd1 Rxf4 41. Re2 Re4 42. Rg2 Rg4 43. Re2 Re4 44. Rg2 a5 45. Rh8 Ra6 46. Kc1 a4 47. Kb2 a3+ 48. Ka2 Re3 49. Re8 Ke5 50. Rb8 Ke4 51. Rb4 e5 52. h4 Rh6 53. c4 Rxh4 54. c5 0-1